Les joueurs de l'équipe de France à la coupe du monde 2026 par images - Statistiques

Statistiques générales
  • Ce quiz a été pris 33 fois
  • Le résultat moyen est 21 sur 26
Statistiques - réponses
Par images Réponse % Correct
Jules Koundé
96%
Lucas Hernandez
96%
Mike Maignan
96%
N'Golo Kanté
96%
Adrien Rabiot
93%
Kylian Mbappé
93%
Ousmane Dembélé
93%
Théo Hernandez
93%
Aurélien Tchouaméni
89%
Désiré Doué
89%
Lucas Digne
89%
Warren Zaïre-Emery
89%
Bradley Barcola
85%
Dayot Upamecano
85%
William Saliba
85%
Brice Samba
81%
Ibrahima Konaté
81%
Marcus Thuram
81%
Michael Olise
81%
Malo Gusto
78%
Manu Koné
78%
Maxence Lacroix
78%
Rayan Cherki
78%
Jean-Philippe Mateta
74%
Robin Risser
63%
Maghnes Akiouche
0%
Aucun quiz correspondant
Distribution des résultats
% des personnes avec chaque résultat
Percentile par nombre de réponses
Votre historique - résultats
Vous n’avez pas pris ce quiz